Children / (Record no. 1330)
| 000 -LEADER | |
|---|---|
| fixed length control field | 01249nam a22002297a 4500 |
| 003 - CONTROL NUMBER IDENTIFIER | |
| control field | OSt |
| 005 - DATE AND TIME OF LATEST TRANSACTION | |
| control field | 20140520151741.0 |
| 008 - FIXED-LENGTH DATA ELEMENTS--GENERAL INFORMATION | |
| fixed length control field | 140520b xxu||||| |||| 00| 0 eng d |
| 020 ## - INTERNATIONAL STANDARD BOOK NUMBER | |
| International Standard Book Number | 9780071318631 |
| 050 ## - LIBRARY OF CONGRESS CALL NUMBER | |
| Classification number | LB1101.S26 2013 |
| 100 ## - MAIN ENTRY--PERSONAL NAME | |
| Personal name | Santrock, John . |
| 245 ## - TITLE STATEMENT | |
| Title | Children / |
| Statement of responsibility, etc | John Santrock . |
| 250 ## - EDITION STATEMENT | |
| Edition statement | 12th ed. |
| 260 ## - PUBLICATION, DISTRIBUTION, ETC. (IMPRINT) | |
| Place of publication, distribution, etc | New York : |
| Name of publisher, distributor, etc | McGraw Hill Companies , |
| Date of publication, distribution, etc | 2013 . |
| 300 ## - PHYSICAL DESCRIPTION | |
| Extent | xxxiv, 512, G9, R54, C4, N11, S12 p. : |
| Other physical details | ill. ; |
| Dimensions | 28 cm. |
| 504 ## - BIBLIOGRAPHY, ETC. NOTE | |
| Bibliography, etc | Includes index and bibliography. |
| 505 ## - FORMATTED CONTENTS NOTE | |
| Formatted contents note | Introduction --<br/>Biological beginnings --<br/>Prenatal development --<br/>Birth --<br/>Physical development in infancy --<br/>Cognitive development in infancy --<br/>Socioemotional development in infancy --<br/>Physical development in early childhood --<br/>Cognitive development in early childhood --<br/>Socioemotional development in early childhood --<br/>Physical development in middle and late childhood --<br/>Cognitive development in middle and late childhood --<br/>Socioemotional development in middle and late childhood --<br/>Physical development in adolescence --<br/>Cognitive development in adolescence --<br/>Socioemotional development in adolescence. |
| 650 ## - SUBJECT ADDED ENTRY--TOPICAL TERM | |
| Topical term or geographic name as entry element | Children |
| 650 ## - SUBJECT ADDED ENTRY--TOPICAL TERM | |
| Topical term or geographic name as entry element | Child study |
| 650 ## - SUBJECT ADDED ENTRY--TOPICAL TERM | |
| Topical term or geographic name as entry element | Teenager |
| 942 ## - ADDED ENTRY ELEMENTS (KOHA) | |
| Source of classification or shelving scheme | |
| Koha item type | Book |
| Withdrawn status | Lost status | Source of classification or shelving scheme | Damaged status | Not for loan | Home library | Current library | Date acquired | Total Checkouts | Full call number | Barcode | Date last seen | Date checked out | Copy number | Price effective from | Koha item type |
|---|---|---|---|---|---|---|---|---|---|---|---|---|---|---|---|
| Riara University Library | Riara University Library | 20/05/2014 | 4 | LB1101.S26 2013 | 4779/14 | 23/09/2024 | 20/09/2024 | C.1 | 20/05/2014 | Book | |||||
| Riara University Library | Riara University Library | 20/05/2014 | 1 | LB1101.S26 2013 | 4780/14 | 11/04/2019 | 29/03/2019 | C.2 | 20/05/2014 | Book | |||||
| Riara University Library | Riara University Library | 20/05/2014 | 1 | LB1101.S26 2013 | 4781/14 | 23/09/2024 | 18/09/2024 | C.3 | 20/05/2014 | Book |
